000 00288nam a22001337a 4500
082 _a920
_bRAM/V
100 _aRAMESH,B.G
245 _aVYASA
250 _aFIRST
260 _aBANGALORE
_bSBS PUBLISHERS DISTRIBUTORS
_c2003
300 _a46
650 _aBIOGRAPHY
_zBANGALORE
942 _cBK
999 _c6274
_d6274